00354pab a2200133 454500008004000000100001700040245006700057260000900124300001500133362001100148650001900159650002200178773002000200180718b2014 xxu||||| |||| 00| 0 eng d aSnehi, Neeru aScience education at tertiary level: Revisiting science policy c2014 ap.179-186. a17 Feb aScience policy aScience education aUniversity News